Statistics for Top 10 white WR's Ever

Click here to take the quiz!

General Stats

  • This quiz has been taken 15 times
  • The average score is 4 of 10

Answer Stats

TeamsQB% Correct
2. HOU/SEASteve Largent
100%
1. GBPDon Hutson
53%
7. OAKFred Biletnikoff
47%
3. SDC/DALLance Alworth
47%
5. NYJ/LARDon Maynard
33%
8. LARElroy Hirsch
20%
9. CHIJohnny Morris
20%
4. BALRaymond Berry
20%
10. CLEDante Lavelli
13%
6. NYGFrank Gifford
13%

Score Distribution

Percentile by Number Answered

Percent of People with Each Score

Your Score History

You have not taken this quiz